[Event "Challenge"]
[Site "http://www.queenalice.com/game.php?id=649399"]
[Date "2009.9.8"]
[Round "-"]
[White "seboro7"]
[Black "MAUAXADREZ"]
[Result "0-1"]
[WhiteElo "1628"]
[BlackElo "1616"]

1. d4 d5 2. Nc3 Nf6 3. Bg5 c6 4. Bxf6 gxf6 5. Nf3 Bf5 6. e3 Qd7 7. h3 e6 8. g4
Bg6 9. Bd3 Bxd3 10. Qxd3 c5 11. Qb5 cxd4 12. Qxd7+ Nxd7 13. Nxd4 Bb4 14. f4 Rc8
15. a3 Bxc3+ 16. bxc3 Rxc3 17. Kd2 Rc4 18. f5 exf5 19. Nxf5 Ne5 20. Nd6+ Ke7 21.
Nxc4 Nxc4+ 22. Kd3 Ne5+ 23. Kd4 Rd8 24. Rab1 Nf3+ 25. Kc5 b6+ 26. Kc6 Ne5+ 27.
Kb7 Rd7+ 28. Ka6 Nc4 29. Rb4 Nxe3 30. Re1 d4 31. c3 Kf8 32. cxd4 Nc2 33. Rc1
Nxb4+ 34. Kb5 Nd3 35. Rc8+ Ke7 36. h4 Rxd4 37. g5 Rxh4 38. gxf6+ Kxf6 39. Rc7
Nc5 40. Rxa7 Rh6 41. Kxb6 Nb3 42. Ra6 Kg7+ 43. Kb7 Nc5+ 44. Kc7 Nxa6+ 45. Kd7 f5
46. Ke7 f4 47. a4 f3 48. a5 f2 49. Kd7 f1=Q 50. Ke7 Qe1+ 51. Kd7 Qxa5 52. Ke7
Qc7+ 53. Ke8 Re6# 0-1

[Event "Challenge"]
[Site "http://www.queenalice.com/game.php?id=674137"]
[Date "2009.10.28"]
[Round "-"]
[White "seboro7"]
[Black "elgabydespega"]
[Result "1-0"]
[WhiteElo "1583"]
[BlackElo "1803"]

1. e3 e5 2. d4 exd4 3. Qxd4 Nc6 4. Qe4+ Be7 5. Bb5 Nf6 6. Qf5 O-O 7. Bxc6 dxc6
8. Qg5 b6 9. Nf3 Ba6 10. Nd4 h6 11. Qf5 Qd6 12. Nc3 Rad8 13. h4 c5 14. Ne4 Nxe4
15. Qxe4 cxd4 16. Qxd4 Qc6 17. Qe5 1-0

[Event "Let's Play Chess!"]
[Site "http://www.queenalice.com/game.php?id=678178"]
[Date "2009.11.5"]
[Round "-"]
[White "seboro7"]
[Black "therota2"]
[Result "0-1"]
[WhiteElo "1610"]
[BlackElo "1498"]

1. e4 e5 2. d4 f6 3. d5 d6 4. Bb5+ Bd7 5. Bxd7+ Qxd7 6. Nc3 Na6 7. Nf3 Be7 8. a4
Nb4 9. h3 g5 10. Qd2 Nh6 11. Nb5 a6 12. Qxb4 axb5 13. Qxb5 c6 14. dxc6 bxc6 15.
Qc4 Nf7 16. h4 g4 17. Ng5 fxg5 18. Bxg5 Bxg5 19. hxg5 Nxg5 20. O-O-O c5 21. Rh6
Rxa4 22. Rhxd6 Rxc4 23. Rxd7 Nf7 24. Ra7 Rf8 25. Rdd7 Rxe4 26. Re7+ Kd8 27.
Rad7+ Kc8 28. Rc7+ Kd8 29. Red7+ Ke8 30. Ra7 Rd4 31. Rdb7 Ng5 32. Rb8+ Rd8 33.
Raa8 Rxb8 34. Rxb8+ Kf7 35. Rb7+ Kg8 36. Rc7 Ne6 37. Rc6 Rf6 38. Rc8+ Kg7 39. f3
h5 40. fxg4 h4 41. c3 Rg6 42. Ra8 Rxg4 43. Ra7+ Kf6 44. Rh7 e4 45. Rh6+ Kf5 46.
b4 e3 47. bxc5 Re4 48. c6 e2 49. Rh5+ Kg6 50. c7 e1=Q+ 51. Kc2 Kxh5 52. c8=Q
Qe2+ 53. Kb3 Qd1+ 54. Kb2 Re2+ 55. Ka3 Qd6+ 56. Kb3 Qd1+ 57. Kc4 Qa4+ 58. Kd5
Qe4+ 59. Kd6 Rd2+ 60. Ke7 Nc5+ 61. Kf7 Rf2+ 62. Kg7 Qg4+ 63. Qxg4+ Kxg4 64. c4
Kg3 65. Kg6 Kxg2 66. Kg5 h3 67. Kg4 h2 68. Kh4 h1=Q+ 69. Kg4 Kf1 70. Kg3 Qg1+
71. Kh3 Rh2# 0-1

[Event "Challenge"]
[Site "http://www.queenalice.com/game.php?id=681023"]
[Date "2009.11.10"]
[Round "-"]
[White "Legiao"]
[Black "seboro7"]
[Result "0-1"]
[WhiteElo "1179"]
[BlackElo "1628"]

1. e4 d5 2. Qf3 Nf6 3. exd5 Qxd5 4. Qf4 Qe4+ 5. Qe3 Qxe3+ 6. fxe3 Nc6 7. d4 e5
8. d5 Nb4 9. Kd1 Nfxd5 10. e4 Nf4 11. c3 Nbd3 12. g3 Nf2+ 13. Kc2 Nxh1 14. gxf4
exf4 15. Bxf4 c6 16. Be3 Bd6 17. Bg2 O-O 18. Bxh1 Be6 19. Na3 Bxa3 20. bxa3 Rfe8
21. Rf1 g6 0-1

[Event "não foge não "]
[Site "http://www.queenalice.com/game.php?id=700255"]
[Date "2009.12.19"]
[Round "-"]
[White "seboro7"]
[Black "MAUAXADREZ"]
[Result "1-0"]
[WhiteElo "1610"]
[BlackElo "1618"]

1. e3 e5 2. d4 e4 3. Nc3 Nf6 4. Bb5 c6 5. Ba4 Bb4 6. Bd2 Bxc3 7. Bxc3 O-O 8. d5
Nxd5 9. Qg4 g6 10. Qxe4 Nf6 11. Qd4 d5 12. Qxf6 Qxf6 13. Bxf6 Nd7 14. Bg5 b5 15.
Bb3 Ne5 16. f4 Ng4 17. e4 d4 18. f5 gxf5 19. exf5 Bxf5 20. h3 Rfe8+ 21. Ne2 Ne3
22. Bxe3 Rxe3 23. O-O-O Rxe2 24. Rxd4 Rae8 25. Rf1 Be4 26. Bxf7+ Kf8 27. Bh5+
Ke7 28. Bxe2 Bxg2 29. Rg1 Bxh3 30. Rg7+ Kf8 31. Rxh7 Rxe2 32. Rxh3 Rf2 33. Rh7
Kg8 34. Rxa7 Rf1+ 35. Kd2 Rf2+ 36. Kc3 Rf8 37. Rdd7 Rc8 38. Rg7+ Kf8 39. Raf7+
Ke8 40. Rh7 b4+ 41. Kxb4 c5+ 42. Kb5 Rd8 43. Kc6 c4 44. Kc7 Rd2 45. Rd7 Rxd7+
46. Rxd7 c3 47. b3 Kf8 48. Kd8 Kg8 49. Ke8 Kh8 50. Rf7 Kg8 51. b4 Kh8 52. b5 Kg8
53. b6 Kh8 54. b7 Kg8 55. b8=Q 1-0

[Event "não foge não"]
[Site "http://www.queenalice.com/game.php?id=749507"]
[Date "2010.3.21"]
[Round "-"]
[White "MAUAXADREZ"]
[Black "seboro7"]
[Result "1-0"]
[WhiteElo "1616"]
[BlackElo "1627"]

1. e4 d5 2. Nc3 d4 3. Nd5 e6 4. Nf4 e5 5. Nd3 Nc6 6. c4 dxc3 7. bxc3 Nf6 8. f3
a6 9. a3 b5 10. Rb1 Be6 11. a4 Bc4 12. axb5 Bxb5 13. Qb3 Bxd3 14. Bxd3 Qxd3 15.
Qb7 Rb8 16. Qxc6+ Qd7 17. Rxb8+ Ke7 18. Ba3+ Qd6 19. Bxd6+ cxd6 20. Rb7+ Nd7 21.
Rxd7+ Ke6 22. Ra7 g6 23. Rxa6 Kf6 24. Qe8 Kg7 25. Ra7 Kh6 26. Qxf7 d5 27. exd5
e4 28. fxe4 Bc5 29. Qg7+ Kg5 30. Qxh8 Bxa7 31. Qxh7 Bc5 32. Nf3+ Kf6 33. Qh4+
Kg7 34. Ne5 Bd6 35. d4 Ba3 36. O-O Bb2 37. Rf7+ Kg8 38. Qd8# 1-0

[Event "não foge não"]
[Site "http://www.queenalice.com/game.php?id=775471"]
[Date "2010.5.14"]
[Round "-"]
[White "seboro7"]
[Black "MAUAXADREZ"]
[Result "0-1"]
[WhiteElo "1610"]
[BlackElo "1640"]

1. e3 e5 2. b3 d5 3. Bb2 Bf5 4. g4 Bg6 5. Nc3 e4 6. Bb5+ c6 7. Be2 Bd6 8. h4 h5
9. g5 Ne7 10. d3 exd3 11. Bxd3 O-O 12. Bxg6 fxg6 13. Qd3 Nf5 14. O-O-O Qe7 15.
Nb1 Na6 16. Ne2 Nb4 17. Qxf5 gxf5 18. Nec3 f4 19. Rhe1 fxe3 20. Rxe3 Bf4 21. Re1
Rae8 22. Nd1 Bxe3+ 23. Nxe3 Rxf2 24. Bc3 Nxa2+ 25. Kb2 Nxc3 26. Kxc3 Qe5+ 27.
Kb4 c5+ 28. Ka3 Qa1# 0-1

[Event "não foge não"]
[Site "http://www.queenalice.com/game.php?id=790740"]
[Date "2010.6.16"]
[Round "-"]
[White "MAUAXADREZ"]
[Black "seboro7"]
[Result "1-0"]
[WhiteElo "1655"]
[BlackElo "1595"]

1. e4 e6 2. Nc3 d5 3. exd5 exd5 4. d4 Qe7+ 5. Be2 c6 6. Nf3 Bg4 7. h3 Bxf3 8.
gxf3 Nf6 9. Bf4 Nh5 10. Be5 f6 11. Bh2 Nd7 12. Qd3 g5 13. O-O-O Nf4 14. Bxf4
gxf4 15. Rhe1 O-O-O 16. Qf5 Qd6 17. Rg1 Be7 18. Rg7 Rhg8 19. Qxh7 Rxg7 20. Qxg7
f5 21. Rg1 Qf6 22. Qxf6 Nxf6 23. Rg5 Rg8 24. Rxf5 Rg1+ 25. Nd1 Re1 26. Kd2 Rh1
27. Rxf4 Rxh3 28. Bf1 Nh5 29. Bxh3+ Kc7 30. Rf7 Kd6 31. Nc3 Nf6 32. Na4 Nd7 33.
Bxd7 Kxd7 34. Nc5+ Kd6 35. Nxb7+ Ke6 36. Rh7 Bf6 37. c3 Bg5+ 38. Kd3 Bc1 39.
Nc5+ Kf6 40. Na4 a5 41. Ra7 c5 42. dxc5 d4 43. Kxd4 Ke6 44. Rxa5 Bg5 45. c6 Bh4
46. Ra6 Bxf2+ 47. Ke4 Kd6 48. b4 Kc7 49. b5 Bg3 50. Kd5 Bf4 51. b6+ Kb8 52. c7+
Bxc7 53. bxc7+ Kxc7 54. Nc5 Kb8 55. Rh6 Kc7 56. a4 Kc8 57. Rh7 Kd8 58. Kd6 Ke8
59. Ra7 Kf8 60. Ke6 Kg8 61. Kf6 Kh8 62. Kg6 Kg8 63. Ra8# 1-0

[Event "Não foge não"]
[Site "http://www.queenalice.com/game.php?id=827225"]
[Date "2010.9.3"]
[Round "-"]
[White "MAUAXADREZ"]
[Black "seboro7"]
[Result "0-1"]
[WhiteElo "1674"]
[BlackElo "1581"]

1. e4 g6 2. d4 Bg7 3. Nf3 d5 4. Nc3 dxe4 5. Nxe4 Nc6 6. d5 Ne5 7. Nxe5 Bxe5 8.
Bb5+ c6 9. dxc6 Qxd1+ 10. Kxd1 Kf8 11. cxb7 Bxb7 12. Nc5 Rd8+ 13. Bd2 Bxg2 14.
Rg1 Bf3+ 15. Be2 Bxe2+ 16. Kxe2 Bxh2 17. Rg2 Bd6 18. Nb7 Rb8 19. Nxd6 exd6 20.
b3 Nf6 21. a3 Kg7 22. Rh1 h5 23. Rg5 Rhe8+ 24. Kd1 Ne4 25. Rd5 Nxf2+ 26. Kc1
Nxh1 27. Rxd6 Rbc8 28. c4 Nf2 29. Bc3+ Kg8 30. Ra6 Rcd8 31. b4 Re2 32. Bd2 Rdxd2
33. Rd6 Rxd6 34. c5 Rd1# 0-1

[Event "não foge não"]
[Site "http://www.queenalice.com/game.php?id=845537"]
[Date "2010.10.14"]
[Round "-"]
[White "seboro7"]
[Black "MAUAXADREZ"]
[Result "0-1"]
[WhiteElo "1601"]
[BlackElo "1602"]

1. e3 e5 2. Nf3 Nc6 3. d4 f6 4. d5 Nce7 5. e4 c6 6. d6 Ng6 7. b3 Qb6 8. Be3 Qb4+
9. c3 Qxe4 10. Nbd2 Qd5 11. Nc4 Qe6 12. Bd3 b5 13. Bxg6+ hxg6 14. Na5 Rh5 15. c4
bxc4 16. h3 Rb8 17. Nxc4 e4 18. Nd4 Qd5 19. g4 Rh4 20. Nf3 Qxd1+ 21. Rxd1 exf3
22. Bxa7 Ra8 23. Bb6 Rxa2 24. Bc7 Ba6 25. Nd2 f5 26. Nxf3 Rh8 27. gxf5 gxf5 28.
Nd4 f4 29. b4 Rh5 30. b5 cxb5 31. O-O Rxh3 32. Rfe1+ Kf7 33. Kg2 Raa3 34. Nf5 b4
35. Bb6 Bb7+ 36. Kf1 Raf3 37. Ke2 g6 38. Nd4 Rc3 39. Kd2 Bxd6 40. Ba5 Rc4 41.
Nb5 Bc5 42. Rc1 Rxc1 43. Rxc1 Bxf2 44. Bxb4 Rh2 45. Nd6+ Kf6 46. Nxb7 Be3+ 47.
Kd3 Bxc1 48. Ke4 Rb2 49. Bd6 Rxb7 50. Bxf4 Bxf4 51. Kxf4 Rb5 52. Kg4 Re5 53. Kf4
d5 54. Kg4 d4 55. Kf4 d3 56. Kf3 d2 57. Kf2 d1=Q 58. Kg3 Qd4 59. Kf3 Re3+ 60.
Kf2 Qd2+ 61. Kf1 Re1# 0-1

[Event "gitanera"]
[Site "http://www.queenalice.com/game.php?id=873191"]
[Date "2010.12.17"]
[Round "-"]
[White "gitano"]
[Black "seboro7"]
[Result "1-0"]
[WhiteElo "1628"]
[BlackElo "1585"]

1. e4 e5 2. Qh5 Nc6 3. Nf3 g6 4. Qh3 Nf6 5. d3 d6 6. Qg3 Nh5 7. Qg5 f6 8. Qh4
Be7 9. g4 f5 10. g5 fxe4 11. dxe4 Nd4 12. Nxd4 Bxg5 13. Bxg5 Qd7 14. Nc3 exd4
15. Nd5 c6 16. Nf6+ Nxf6 17. Bxf6 O-O 18. Bxd4 Qf7 19. Be3 d5 20. b3 dxe4 21.
Qxe4 Bf5 22. Qe5 Rae8 23. Qc5 Bxc2 24. Bc4 Rxe3+ 25. fxe3 b6 26. Qxc6 Be4 27.
Qxe4 Qxc4 28. Qxc4+ Kg7 29. Rd1 Re8 30. Rd7+ Kh6 31. Qf4+ Kh5 32. Rxh7# 1-0

[Event "não foge não"]
[Site "http://www.queenalice.com/game.php?id=879391"]
[Date "2010.12.31"]
[Round "-"]
[White "MAUAXADREZ"]
[Black "seboro7"]
[Result "1-0"]
[WhiteElo "1634"]
[BlackElo "1571"]

1. e4 d5 2. exd5 Qxd5 3. Nc3 Qe6+ 4. Be2 Nf6 5. Nb5 Na6 6. Nf3 c6 7. Nbd4 Qd6 8.
O-O Bg4 9. c3 Bxf3 10. Bxf3 e5 11. Re1 O-O-O 12. Nf5 Qe6 13. Nd4 Qd7 14. Rxe5 h5
15. d3 h4 16. h3 Bd6 17. Ra5 c5 18. Nb5 b6 19. Nxd6+ Qxd6 20. Rxa6 Qxd3 21. Qxd3
Rxd3 22. Rxa7 Rhd8 23. Ra8+ Kc7 24. Bf4+ Kd7 25. Ra7+ Ke6 26. Re1+ Kf5 27. Be5
Re8 28. g4+ Kg6 29. Bc6 Re6 30. Bb5 Rxh3 31. Bf1 Rf3 32. Bg2 Rd3 33. g5 Ng4 34.
Be4+ Kxg5 35. Bxd3 Rxe5 36. Rxe5+ Nxe5 37. Bb1 Nf3+ 38. Kg2 Kg4 39. Rxf7 h3+ 40.
Kh1 g5 41. Be4 Ne5 42. f3+ Nxf3 43. Bxf3+ Kg3 44. Be2 g4 45. Bf1 Kh4 46. Bxh3
gxh3 47. Rf2 Kg3 48. Rh2 b5 49. b3 c4 50. bxc4 bxc4 51. a4 Kh4 52. a5 Kg4 53. a6
Kf3 54. Rxh3+ Ke2 55. a7 Kd2 56. a8=Q Kc2 57. Qa4+ Kb2 58. Qxc4 Ka3 59. Qb4+ Ka2
60. Rh2+ Ka1 61. Qb2# 1-0

[Event "não foge não"]
[Site "http://www.queenalice.com/game.php?id=913759"]
[Date "2011.3.17"]
[Round "-"]
[White "seboro7"]
[Black "MAUAXADREZ"]
[Result "1-0"]
[WhiteElo "1558"]
[BlackElo "1647"]

1. e3 d5 2. Nf3 Nf6 3. Bb5+ c6 4. Ba4 Bg4 5. h3 Bxf3 6. Qxf3 e6 7. Nc3 Na6 8. b3
Nc5 9. d3 d4 10. Ne4 Nxa4 11. bxa4 Bb4+ 12. Bd2 Qe7 13. a3 Bxa3 14. Nxf6+ gxf6
15. exd4 Bb2 16. Rb1 Qa3 17. O-O Bxd4 18. Rxb7 Qc5 19. Be3 Bxe3 20. fxe3 Qxc2
21. Qxf6 O-O 22. Qg5+ Kh8 23. Rbxf7 Qc3 24. Rxf8+ Rxf8 25. Rxf8# 1-0

[Event "não foge não"]
[Site "http://www.queenalice.com/game.php?id=927818"]
[Date "2011.4.19"]
[Round "-"]
[White "MAUAXADREZ"]
[Black "seboro7"]
[Result "1-0"]
[WhiteElo "1627"]
[BlackElo "1578"]

1. e4 e5 2. Nf3 d6 3. h3 Nf6 4. Bd3 Nc6 5. O-O h5 6. Nc3 Nd4 7. Nxd4 exd4 8. Nd5
Nxd5 9. exd5 Bxh3 10. gxh3 Qd7 11. Qf3 g6 12. b3 O-O-O 13. Qf6 Be7 14. Qxd4 b6
15. Qf4 Qxh3 16. Be4 Qg4+ 17. Qxg4+ hxg4 18. d4 Bf6 19. c3 Rh3 20. Kg2 Rdh8 21.
Bf4 g5 22. Rh1 gxf4 23. Bf5+ Kb7 24. Bxg4 Rxh1 25. Rxh1 Rxh1 26. Kxh1 c5 27. Kg2
cxd4 28. cxd4 Bxd4 29. Kf3 Be5 30. Bd7 f6 31. a4 Ka6 32. b4 Kb7 33. Kg4 a5 34.
b5 Kc7 35. Bc6 Kd8 36. f3 Ke7 37. Kf5 Kf7 38. Bd7 Ke7 39. Be6 Kf8 40. Kg6 Ke8
41. Kg7 Ke7 42. Bf7 f5+ 43. Kg6 Bd4 44. Be6 Kf8 45. Kxf5 Be5 46. Bc8 Ke7 47. Be6
Kf8 48. Kg6 Ke7 49. Kf5 Ke8 50. Kg6 Kd8 51. Kf7 Kc7 52. Ke7 Bg7 53. Bd7 Bd4 54.
Bc6 Bf2 55. Ke6 Bg3 56. Kf5 Kd8 57. Ke4 Ke7 58. Kf5 Bh2 59. Bb7 Kd7 60. Ba8 Ke7
61. Kg4 Kf6 62. Bc6 Ke5 63. Kg5 Kd4 64. Kf6 Ke3 65. Ke6 Kxf3 66. Kxd6 Kf2 67.
Ke6 f3 68. d6 Ke2 69. Bxf3+ Kxf3 70. d7 Bc7 71. Kd5 Ke3 72. Kc6 Bd8 73. Kb7 Kd4
74. Kc8 Be7 75. d8=Q+ Bxd8 76. Kxd8 Kc4 77. Kc7 Kb4 78. Kxb6 Kxa4 79. Ka6 Kb4
80. b6 a4 81. b7 a3 82. b8=Q+ Kc4 83. Qb1 Kc3 84. Qa2 Kb4 85. Kb6 Ka4 86. Kc6
Kb4 87. Kd5 Kc3 88. Qxa3+ Kd2 89. Kd4 Ke2 90. Qe3+ Kf1 91. Qd2 Kg1 92. Ke3 Kh1
93. Kf3 Kg1 94. Qg2# 1-0

[Event "Invitation"]
[Site "http://www.queenalice.com/game.php?id=993202"]
[Date "2011.10.4"]
[Round "-"]
[White "MAUAXADREZ"]
[Black "seboro7"]
[Result "1-0"]
[WhiteElo "1641"]
[BlackElo "1564"]

1. e4 g6 2. Bc4 Bg7 3. Nf3 e6 4. O-O h5 5. d3 Nf6 6. e5 Ng4 7. h3 Nxe5 8. Nxe5
Bxe5 9. Qf3 d5 10. Bb3 Nc6 11. Nc3 Bxc3 12. bxc3 d4 13. Bb2 f5 14. Rfe1 Qf6 15.
Bd5 Ne5 16. Qe2 exd5 17. Qxe5+ Qxe5 18. Rxe5+ Kf7 19. Rxd5 Be6 20. Rxd4 c5 21.
Ra4 b5 22. Ra3 a5 23. c4 b4 24. Ra4 Bd7 25. Rxa5 Rxa5 26. Bxh8 g5 27. a4 g4 28.
hxg4 hxg4 29. Re1 Rxa4 30. Re5 Ra2 31. Rxc5 Rxc2 32. Rc7 Ke6 33. d4 Rxc4 34.
Rxc4 b3 35. Rc1 Kd5 36. Rb1 Kc4 37. f3 g3 38. Kf1 Bb5 39. Ke1 Kc3 40. d5+ Kc2
41. Rb2+ Kc1 42. Rxb3 Ba4 43. Rb4 Be8 44. d6 Kc2 45. Rb7 Bc6 46. Rc7 Kd3 47.
Rxc6 f4 48. d7 Ke3 49. Re6+ Kd3 50. d8=Q+ Kc4 51. Rc6+ Kb5 52. Qb6+ Ka4 53. Rc4+
Ka3 54. Qb4+ Ka2 55. Qb2# 1-0

[Event "não foge não"]
[Site "http://www.queenalice.com/game.php?id=1022868"]
[Date "2012.1.31"]
[Round "-"]
[White "MAUAXADREZ"]
[Black "seboro7"]
[Result "1-0"]
[WhiteElo "1654"]
[BlackElo "1551"]

1. e4 e6 2. Nf3 Nf6 3. e5 Nd5 4. d4 Bb4+ 5. c3 Ba5 6. Bg5 f6 7. exf6 Nxf6 8. b4
Bb6 9. Ne5 h6 10. Bxf6 Qxf6 11. Qh5+ Kd8 12. Nf7+ Ke7 13. Nxh8 e5 14. Ng6+ Kd6
15. dxe5+ Qxe5+ 16. Qxe5+ Kc6 17. Bb5# 1-0

[Event "não foge não"]
[Site "http://www.queenalice.com/game.php?id=1022871"]
[Date "2012.1.31"]
[Round "-"]
[White "seboro7"]
[Black "MAUAXADREZ"]
[Result "0-1"]
[WhiteElo "1539"]
[BlackElo "1666"]

1. b3 e5 2. Bb2 Nc6 3. g3 d5 4. Bg2 Be6 5. e3 f6 6. d4 exd4 7. Bxd4 Nge7 8. Nc3
Nxd4 9. exd4 Nf5 10. Qe2 Qd7 11. Bxd5 Nxd4 12. Bxe6 Nxe6 13. Rd1 Qc6 14. Nd5
O-O-O 15. Nf3 Bb4+ 16. Nxb4 Rxd1+ 17. Qxd1 Qe4+ 18. Qe2 Qxb4+ 19. Nd2 Nd4 20.
Qc4 Nf3+ 21. Kf1 Nxd2+ 22. Kg2 Nxc4 23. bxc4 Qxc4 24. a3 Qxc2 25. Re1 Qc3 26.
Re3 Qc6+ 27. Kh3 Re8 28. Rxe8+ Qxe8 29. f4 c5 30. Kg4 c4 31. h4 c3 32. h5 c2 33.
f5 c1=Q 34. a4 Qe4+ 35. Kh3 Qch1# 0-1